[Event "New Delhi Matrix op 3rd"]
[Site "New Delhi"]
[Date "2024.04.07"]
[Round "4"]
[White "Gopal, Aravamuthan Iyengar"]
[Black "Daksh, Goyal"]
[Result "0-1"]
[WhiteElo "1758"]
[BlackElo "1916"]
[PlyCount "156"]
[EventDate "2024.04.06"]
[EventType "swiss"]
[EventRounds "9"]
[EventCountry "IND"]
[SourceTitle "CB16_2024"]
[SourceDate "2024.04.17"]
[SourceVersion "1"]
[SourceVersionDate "2024.04.17"]
[SourceQuality "1"]

1. d4 d5 2. Nc3 Nf6 3. Bf4 e6 4. Nb5 Na6 5. e3 c6 6. Nc3 Nb8 7. Nf3 Be7 8. Bd3 a6 9. 0-0 0-0 10. Ne2 Nh5 11. e4 Nxf4 12. Nxf4 dxe4 13. Bxe4 Nd7 14. c3 Bd6 15. Ne2 e5 16. Bc2 g6 17. Re1 exd4 18. Nexd4 Nf6 19. h3 Qc7 20. Nd2 c5 21. N4f3 Rd8 22. Qe2 Re8 23. Qf1 Be6 24. Bb3 Bxb3 25. Nxb3 c4 26. Nbd2 b5 27. Rxe8+ Rxe8 28. Re1 Qd7 29. Rxe8+ Qxe8 30. Qe1 Qxe1+ 31. Nxe1 Nd5 32. g3 Nb6 33. Nef3 f5 34. b3 b4 35. Nxc4 bxc3 36. Ne1 Bc5 37. Nxb6 Bxb6 38. Kf1 Kf7 39. Ke2 Ke6 40. f3 h5 41. Nc2 g5 42. g4 fxg4 43. fxg4 hxg4 44. hxg4 Ke5 45. Kd3 Kf4 46. Kxc3 Bf2 47. Kd3 Kxg4 48. Ke2 Ba7 49. Ne1 Kf4 50. b4 g4 51. a4 Ke4 52. b5 a5 53. Nc2 Bc5 54. Ne1 Ba7 55. Nc2 Bb6 56. Ne1 g3 57. Ng2 Bf2 58. Ne1 Ba7 59. Ng2 Bb8 60. Ne3 Kd4 61. Kf3 Kc5 62. Nf5 Kb4 63. Nxg3 Kxa4 64. b6 Kb4 65. Ne2 a4 66. Nc1 Kc3 67. Ke2 Kc2 68. Na2 Bd6 69. b7 Kb2 70. Nb4 a3 71. Kd3 Kb3 72. Nc2 a2 73. Na1+ Kb2 74. Nc2 Bf4 75. Na1 Kxa1 76. Kc2 Bc7 77. Kc1 Bb8 78. Kc2 Bf4 0-1